Management of central co-operative banks (Record no. 352317)

000 -LEADER
fixed length control field 00349cam a22001217a 4500
008 - FIXED-LENGTH DATA ELEMENTS--GENERAL INFORMATION
fixed length control field 180718b1985 xxu||||| |||| 00| 0 eng d
082 ## - DEWEY DECIMAL CLASSIFICATION NUMBER
Classification number T426x54 R18
100 ## - MAIN ENTRY--PERSONAL NAME
Personal name Rao, M. Kutumba
245 ## - TITLE STATEMENT
Title Management of central co-operative banks
Statement of responsibility, etc. by M. Kutumba Rao
260 ## - PUBLICATION, DISTRIBUTION, ETC.
Place of publication, distribution, etc. New Delhi
Name of publisher, distributor, etc. Ashish
Date of publication, distribution, etc. 1985
300 ## - PHYSICAL DESCRIPTION
Extent 244p.
650 ## - SUBJECT ADDED ENTRY--TOPICAL TERM
Topical term or geographic name entry element Cooperative banks - India
Holdings
Withdrawn status Lost status Damaged status Not for loan Permanent Location Current Location Date acquired Full call number Barcode Date last seen Price effective from Koha item type
        Indian Institute of Public Administration Indian Institute of Public Administration 1993-11-22 T426x54 R18 60865 2018-07-21 2018-07-21 Book

Powered by Koha